Türkiye'de yayınlama özgürlüğü mücadelesinin 20 yılı (Record no. 1762)

MARC details
000 -BAŞLIK
Sabit Uzunlukta Kontrol Alanı 01018na a2200265 4500
001 - KONTROL NUMARASI
Denetim Alanı 16781
003 - KONTROL NUMARASI IDENTIFIER
Denetim Alanı MIRAKIL
005 - SON İŞLEM TARİHİ VE ZAMANI
Denetim Alanı 20181213154833.0
008 - SABİT-BOY VERİ ELEMANLARI - GENEL BİLGİLER
Sabit Uzunlukta Kontrol Alanı 161013b tu 000 0
020 ## - ULUSLARARASI STANDART KİTAP NUMARASI
Uluslararası Standart Kitap Numarası 9789753650151
035 ## - SİSTEM KONTROL NUMARASI
Sistem Kontrol Numarası 16781
040 ## - KATALOGLAMA KAYNAK
Orijinal Kataloglama Ajansı Milas
Kataloglama Dili tur
Metne Dönüştürmek Ajansı TR-AnCHP
041 ## - DİL KODU
Metin / Ses Parça Veya Ayrı Başlığın Dil Kodu tur
082 ## - DEWEY ONLU SINIFLANDIRMA NUMARASI
Sınıflandırma Numarası 342.0853
Ürün Numarası T96t 2014
090 ## - SINIFLAMA NUMARASI
Sınıflama Numarası 342.0853 T96t 2014
110 ## - ANA GİRİŞ - KURUMSAL ADI
Giriş Elemanı Olarak Kurumsal Ad Veya Yargı Alanı Adı Türkiye Yayıncılar Birliği
245 ## - BAŞLIK TABLOSU
Başlık Türkiye'de yayınlama özgürlüğü mücadelesinin 20 yılı
Başlığın Kalan Düşünce ve ifade özgürlüğü ödülleri ve yayınlama özgürlüğü raporları 1994 - 2014
Sorumluluk Tablosu, Vb Türkiye Yayıncılar Birliği; yayına hazırlayan Yonca Cingöz
246 ## - UNVAN FORM VARYING
Başlık Doğru / Kısa Başlığı Düşünce ve ifade özgürlüğü ödülleri ve yayınlama özgürlüğü raporları
260 ## - YAYIN, DAĞITIM, VB
Yayın, Dağıtım, Vb Yeri İstanbul
Yayıncı, Dağıtıcı, Vs Adı Türkiye Yayıncılar Birliği
Yayın, Dağıtım, Vb Tarihi 2014
300 ## - FİZİKSEL TANIM
Kapsam 275 s.
Boyutlar 24 sm.
650 ## - KONU KATMA GİRİŞ - TOPİKAL DÖNEM
Topikal Süreli Veya Coğrafi Ad Giriş Elemanı Basın özgürlüğü
Genel Alt Bölümü Tarih
Coğrafi Alt Bölümü Türkiye
650 ## - KONU KATMA GİRİŞ - TOPİKAL DÖNEM
Topikal Süreli Veya Coğrafi Ad Giriş Elemanı Hukuk
Genel Alt Bölümü Anayasa Hukuku
Kronolojik Alt Bölümü Düşünce özgürlüğü
700 ## - KATMA GİRİŞ - KİŞİSEL İSİM
Kişisel Ad Cingöz, Yonca
942 ## - EKLENDİ GİRİŞ ELEMANLARI (KOHA)
Sınıflandırma Veya Raf Düzeni Kaynak
Koha Öğesi Türü Books
999 ## - SİSTEM KONTROL NUMARALARI (KOHA)
Koha Biblionumber 1762
Koha Biblioitemnumber 1762
Holdings
Kalıcı Konum Mevcut Konum Edinme Tarihi Edinim Kaynak Toplam Check-Out'Lar Tam Çağrı Numarası Barkod Tarih Son Görülme İtibaren Geçerli Fiyatlar Koha Öğesi Türü
CHP Kütüphanesi CHP Kütüphanesi 10/13/2016 Bağış   342.0853 T96t 2014 005718 10/13/2016 10/13/2016 Books